000 01006cam a2200217 4500
001 sa 68014659
003 DLC
005 20260227112633.0
008 700211s1967 ii a b f00010 eng
010 _asa 68014659 //r85
025 _aPL480:I-E-9015
050 0 _aLC5225.R4
_bA35
082 _a428.4/071/5
100 1 0 _aAhmed, Mushtaq,
_d1919-
245 1 0 _aTeaching adults to read and write;
_ba guide book for literacy teacher,
_cby Mushtaq Ahmad.
260 0 _aNew Delhi,
_bMinistry of Education, Govt. of India
_c[1967]
300 _a112 p.
_billus.
_c22 cm.
350 _a2.00
_a($0.72)
500 _aAnnexures.--Survey form.--List of selected books for display and reading during stage I.--Some posters and their suggested captions.--Examples of writing on the wall.--List of supplementary books for different stages.--List of periodicals.--List of equipment.--Admission form.--A selected bibliography of materials for literacy teaching and allied problems.
650 0 _aReading (Adult education)
999 _c85939
_d85939